| 000 | 02029cam a2200373 a 4500 | ||
|---|---|---|---|
| 001 | 16741757 | ||
| 003 | OSt | ||
| 005 | 20180116192411.0 | ||
| 008 | 110419s2012 njuaeo b 001 0 eng | ||
| 010 | _a 2011016228 | ||
| 020 | _a9780470908532 (pbk. : alk. paper) | ||
| 040 |
_aDLC _cDLC _dDLC |
||
| 042 | _apcc | ||
| 050 | 0 | 0 |
_aNA2750 _b.C76 2012 |
| 082 | 0 | 0 |
_a720.28 _222 |
| 084 |
_aARC004000 _2bisacsh |
||
| 100 | 1 |
_aCrowe, Norman. _95863 |
|
| 245 | 1 | 0 |
_aVisual notes for architects and designers / _cNorman Crowe & Paul Laseau. |
| 250 | _a2nd ed. | ||
| 260 |
_aHoboken, N.J. : _bWiley, _cc2012. |
||
| 300 |
_aviii, 232 p. : _bill., plans, photographs ; _c26 cm. |
||
| 504 | _aIncludes bibliographical references and index. | ||
| 505 | 8 | _aMachine generated contents note: Preface.1.Introduction.2. A Guide to Note-Taking.3. A Journal.4. A Collection of Visual Notes.5. Transitions to Design.6. Conclusion.Appendix. Tools and Techniques.Endnotes.Photo Credits.Bibliography.Index. | |
| 520 | _a"This show-by-example sourcebook clearly illustrates proven methods and procedures for keeping a highly useful visual notebook. Visual Notes for Architects and Designers demonstrates how to make rapid, notational sketches that serve as visual records for future reference, as well as improve understanding and facilitate the development of ideas. It shows how to expand knowledge of a subject beyond what is gained through observation or verbal representation alone" -- | ||
| 650 | 0 |
_aCommunication in architectural design. _95864 |
|
| 650 | 0 |
_aVisual perception. _95865 |
|
| 650 | 7 |
_aARCHITECTURE / Design, Drafting, Drawing & Presentation _2bisacsh. _95866 |
|
| 700 | 1 |
_aLaseau, Paul, _d1937- _95867 |
|
| 906 |
_a7 _bcbc _corignew _d1 _eecip _f20 _gy-gencatlg |
||
| 942 |
_2ddc _cBK |
||
| 999 |
_c353537 _d353537 |
||